[Event "AUS-ch Seniors"]
[Site "Melbourne"]
[Date "2002.01.02"]
[Round "5"]
[White "Cymons, Albert"]
[Black "Komljenovic, Stojan"]
[Result "0-1"]
[WhiteElo "1137"]
[BlackElo "1288"]
[PlyCount "25"]
[EventDate "2001.12.28"]
[EventType "swiss"]
[EventRounds "11"]
[EventCountry "AUS"]
[SourceTitle "EXT 2003"]
[Source "ChessBase"]
[SourceDate "2002.11.25"]
[SourceVersion "1"]
[SourceVersionDate "2002.11.25"]
[SourceQuality "1"]

1. c4 e6 2. d4 c5 3. Nf3 h6 4. e4 Qb6 5. Be2 Nc6 6. d5 Nd4 7. a3 Nxf3+ 8. Bxf3 e5 9. 0-0 d6 10. Nc3 Bd7 11. Na4 Qa6 12. b3 Bxa4 13. bxa4 0-1

[Event "AUS-ch Seniors"]
[Site "Melbourne"]
[Date "2001.12.30"]
[Round "3"]
[White "Cymons, Albert"]
[Black "Meydan, Arie"]
[Result "0-1"]
[WhiteElo "1137"]
[BlackElo "1804"]
[PlyCount "51"]
[EventDate "2001.12.28"]
[EventType "swiss"]
[EventRounds "11"]
[EventCountry "AUS"]
[SourceTitle "EXT 2003"]
[Source "ChessBase"]
[SourceDate "2002.11.25"]
[SourceVersion "1"]
[SourceVersionDate "2002.11.25"]
[SourceQuality "1"]

1. c4 e5 2. g3 Nc6 3. Bg2 Nf6 4. e3 d5 5. cxd5 Nxd5 6. Ne2 Be6 7. 0-0 Bd6 8. Nec3 Nce7 9. a3 Qd7 10. Re1 0-0 11. Ne4 h6 12. Nbc3 f5 13. Nxd6 cxd6 14. b4 Ng6 15. d4 Nde7 16. d5 Bf7 17. f4 a6 18. Bd2 b5 19. a4 e4 20. Bc1 Rfc8 21. Bb2 Nxd5 22. Nxd5 Bxd5 23. axb5 axb5 24. Bf1 Bc4 25. Be2 Ne7 26. Rc1 0-1